control of flea beetle on chinese kale under royal university of agriculture (ការគ្រប់គ្រងសត្វទៀកគូលើដំណាំខាត់ណាក្នុងល័ក្ខខ័ណ្ឌសាកលវិទ្យាល័យភូមិន្ទកសិកម្ម) (Record no. 903)

000 -LEADER
fixed length control field 00668nam a22001577a 4500
003 - CONTROL NUMBER IDENTIFIER
control field OSt
005 - DATE AND TIME OF LATEST TRANSACTION
control field 20150920142257.0
008 - FIXED-LENGTH DATA ELEMENTS--GENERAL INFORMATION
fixed length control field 150920b xxu||||| |||| 00| 0 eng d
040 ## - CATALOGING SOURCE
Transcribing agency RUA
082 ## - DEWEY DECIMAL CLASSIFICATION NUMBER
Classification number AGR SUO 2009 B041 Or.1
100 ## - MAIN ENTRY--PERSONAL NAME
9 (RLIN) 937
Personal name SOUN, RATHA.
245 ## - TITLE STATEMENT
Title control of flea beetle on chinese kale under royal university of agriculture (ការគ្រប់គ្រងសត្វទៀកគូលើដំណាំខាត់ណាក្នុងល័ក្ខខ័ណ្ឌសាកលវិទ្យាល័យភូមិន្ទកសិកម្ម)
260 ## - PUBLICATION, DISTRIBUTION, ETC. (IMPRINT)
Place of publication, distribution, etc. Phnom Penh
Name of publisher, distributor, etc. RUA
Date of publication, distribution, etc. 2009
300 ## - PHYSICAL DESCRIPTION
Extent xii, 53p.
Other physical details ill.
Dimensions 29cm.
942 ## - ADDED ENTRY ELEMENTS (KOHA)
Source of classification or shelving scheme
Koha item type AGR
Holdings
Price effective from Date last seen Permanent Location Not for loan Date acquired Source of classification or shelving scheme Koha item type Lost status Withdrawn status Date last checked out Total Checkouts Shelving location Damaged status Barcode Current Location Full call number
2015-09-202015-09-20Library Block B 2015-09-20 AGR    B041 RUA008384Library Block BAGR SUO 2009 B041 Or.1
2015-09-202023-11-17Library Block B 2015-09-20 AGR  2023-11-033B041 RUA000138Library Block BAGR SUO 2009 B041 Or.2
2015-09-202015-09-20Library Block B 2015-09-20 AGR    B041 RUA000203Library Block BAGR SUO 2009 B041 Or.3
2015-09-202016-08-05Library Block B 2015-09-20 AGR  2016-06-241B041 RUA000059Library Block BAGR SUO 2009 B041 Or.4
2015-09-202019-03-04Library Block B 2015-09-20 AGR  2019-02-061B041 RUA000131Library Block BAGR SUO 2009 B041 Or.5
មជ្ឈមណ្ឌលឯការនៃសាកលវិទ្យាល័យភូមិន្ទកសិកម្មចំការដូង

Powered by Koha